[Event "Titled Tuesday intern op 12th Mar Early"]
[Site "Chess.com INT"]
[Date "2024.03.12"]
[Round "7"]
[White "Guzman, Christopher"]
[Black "Sychev, Klementy"]
[Result "0-1"]
[WhiteElo "2239"]
[BlackElo "2542"]
[PlyCount "98"]
[EventDate "2024.03.12"]
[EventType "swiss (blitz)"]
[EventRounds "11"]
[EventCountry "USA"]
[SourceTitle "CB12_2024"]
[SourceDate "2023.10.01"]
[SourceVersion "1"]
[SourceVersionDate "2023.10.01"]
[SourceQuality "1"]

1. e4 e5 2. Nf3 Nc6 3. Bb5 a6 4. Ba4 f5 5. d3 fxe4 6. dxe4 Nf6 7. Bg5 d6 8. Nbd2 Be7 9. h3 0-0 10. c3 Kh8 11. Qe2 Nh5 12. Be3 Nf4 13. Bxf4 Rxf4 14. Nf1 Bd7 15. g3 Rf6 16. Ne3 Nd4 17. cxd4 Bxa4 18. Ng4 Rf8 19. d5 Bb5 20. Qe3 a5 21. 0-0-0 a4 22. Kb1 Qe8 23. Rc1 Bd8 24. Rc3 c6 25. dxc6 bxc6 26. Rd1 Be7 27. Ng5 Qg6 28. f4 exf4 29. gxf4 Bxg5 30. fxg5 Rae8 31. Nf2 d5 32. Kc1 dxe4 33. h4 Rf3 34. Qd4 Rxc3+ 35. Qxc3 e3 36. Ng4 e2 37. Re1 Qe4 38. Nh6 Bc4 39. a3 Ba2 40. b3 axb3 41. Kb2 Qe6 42. h5 Rf8 43. a4 Rf1 44. Nf7+ Rxf7 45. g6 Rf8 46. gxh7 Kxh7 47. h6 Qxh6 48. Rxe2 Qf6 49. Rh2+ Kg8 0-1

[Event "Titled Tuesday intern op 14th Mar Early"]
[Site "Chess.com INT"]
[Date "2023.03.14"]
[Round "3"]
[White "Turgut, Aydin"]
[Black "Guzman, Christopher"]
[Result "1-0"]
[WhiteElo "2327"]
[BlackElo "2250"]
[PlyCount "69"]
[EventDate "2023.03.14"]
[EventType "swiss (blitz)"]
[EventRounds "11"]
[EventCountry "USA"]
[SourceTitle "EXT 2024"]
[Source "ChessBase"]
[SourceDate "2023.10.10"]
[SourceVersion "1"]
[SourceVersionDate "2023.10.10"]
[SourceQuality "1"]

1. e4 c6 2. d4 d5 3. f3 Nf6 4. Nc3 e6 5. Be3 Bb4 6. e5 Ng8 7. a3 Bxc3+ 8. bxc3 c5 9. dxc5 Nc6 10. f4 Qa5 11. Qd2 Nge7 12. Nf3 Nf5 13. Bf2 h5 14. c4 d4 15. Qxa5 Nxa5 16. Nxd4 Ne7 17. Nb5 0-0 18. Be2 g6 19. Bh4 Nf5 20. Bf6 Ne3 21. Kf2 Nexc4 22. g4 h4 23. Bxh4 Bd7 24. Nd6 Nxd6 25. cxd6 Rfc8 26. Bd3 Rc5 27. Bf6 Rac8 28. h4 Bb5 29. h5 Bxd3 30. cxd3 Rc2+ 31. Ke3 Nc4+ 32. dxc4 R8xc4 33. Rad1 g5 34. fxg5 Rxg4 35. d7 1-0

[Event "DOM-ch"]
[Site "Santo Domingo"]
[Date "2023.03.12"]
[Round "11"]
[White "Araujo Sanchez, Josue"]
[Black "Guzman, Christopher"]
[Result "1/2-1/2"]
[WhiteElo "2306"]
[BlackElo "2250"]
[PlyCount "73"]
[EventDate "2023.02.24"]
[EventType "swiss"]
[EventRounds "11"]
[EventCountry "DOM"]
[SourceTitle "CBM 213 Extra"]
[Source "ChessBase"]
[SourceDate "2023.05.31"]
[SourceVersion "1"]
[SourceVersionDate "2023.05.31"]
[SourceQuality "1"]

1. e4 e5 2. Nf3 Nc6 3. Bc4 Be7 4. 0-0 Nf6 5. d3 d6 6. a4 0-0 7. Re1 Bg4 8. h3 Be6 9. Nbd2 h6 10. Nf1 Re8 11. Bxe6 fxe6 12. Ng3 Rf8 13. c3 Kh7 14. Qb3 Qd7 15. Be3 d5 16. Rac1 Bd6 17. Qc2 dxe4 18. dxe4 Qf7 19. b4 Ne7 20. b5 Ng6 21. c4 c6 22. c5 Bc7 23. bxc6 bxc6 24. Rb1 Rab8 25. Rxb8 Rxb8 26. Rb1 Qe8 27. Nf1 Rxb1 28. Qxb1 Qb8 29. Qc2 Qb4 30. N1d2 Nf8 31. Nc4 N8d7 32. Bd2 Qxc5 33. Be3 Qb4 34. Bd2 Qc5 35. Be3 Qb4 36. Bd2 Qc5 37. Be3 1/2-1/2

[Event "DOM-ch"]
[Site "Santo Domingo"]
[Date "2023.03.10"]
[Round "9"]
[White "Munoz Santana, Jose Lisandro"]
[Black "Guzman, Christopher"]
[Result "1/2-1/2"]
[WhiteElo "2407"]
[BlackElo "2250"]
[PlyCount "115"]
[EventDate "2023.02.24"]
[EventType "swiss"]
[EventRounds "11"]
[EventCountry "DOM"]
[SourceTitle "CBM 213 Extra"]
[Source "ChessBase"]
[SourceDate "2023.05.31"]
[SourceVersion "1"]
[SourceVersionDate "2023.05.31"]
[SourceQuality "1"]

1. e4 c5 2. Nf3 Nc6 3. d4 cxd4 4. Nxd4 g6 5. c4 Bg7 6. Be3 Nf6 7. Nc3 Ng4 8. Qxg4 Nxd4 9. Qd1 e5 10. Qd2 0-0 11. Bd3 d6 12. 0-0 Be6 13. Rfd1 Qa5 14. Bf1 a6 15. b3 Bg4 16. Rdc1 f5 17. exf5 gxf5 18. f4 Rae8 19. Qf2 Re6 20. Nd5 Kh8 21. Re1 Rfe8 22. fxe5 dxe5 23. h3 Bh5 24. Bxd4 exd4 25. Rxe6 Rxe6 26. Qxf5 Re5 27. Qf2 Re8 28. Bd3 Qd8 29. Rf1 Rf8 30. Qc2 Rxf1+ 31. Kxf1 h6 32. Qf2 Kg8 33. Be4 Bf7 34. Qf5 b6 35. Nf4 Qc7 36. Ke2 a5 37. Kf3 Qe7 38. Qc8+ Bf8 39. Qf5 Bg7 40. g3 Qb4 41. Bd5 Bxd5+ 42. cxd5 Kh8 43. Ng6+ Kg8 44. Qe6+ Kh7 45. Ne7 Qc3+ 46. Kg4 h5+ 47. Kh4 Qf3 48. Qf5+ Qxf5 49. Nxf5 d3 50. Ne3 Kg6 51. g4 Bh6 52. Nd1 Bf4 53. a4 d2 54. Nc3 Be5 55. Nd1 Bf4 56. Nc3 Be5 57. Nd1 Bf4 58. Nb2 1/2-1/2

[Event "Titled Tuesday intern op 7th Mar Late"]
[Site "Chess.com INT"]
[Date "2023.03.07"]
[Round "2"]
[White "Bortnyk, Mykola"]
[Black "Guzman, Christopher"]
[Result "1-0"]
[WhiteElo "2435"]
[BlackElo "2250"]
[PlyCount "105"]
[EventDate "2023.03.07"]
[EventType "swiss (blitz)"]
[EventRounds "11"]
[EventCountry "USA"]
[SourceTitle "EXT 2024"]
[Source "ChessBase"]
[SourceDate "2023.10.10"]
[SourceVersion "1"]
[SourceVersionDate "2023.10.10"]
[SourceQuality "1"]

1. e4 c6 2. d4 d5 3. Nc3 dxe4 4. Nxe4 Nf6 5. Nxf6+ exf6 6. Bc4 Bd6 7. Qe2+ Be7 8. Nf3 0-0 9. 0-0 Bd6 10. Re1 Bg4 11. Qe4 Bh5 12. Nh4 Nd7 13. g4 Nb6 14. Bb3 Qd7 15. Be6 Qxe6 16. Qxe6 fxe6 17. gxh5 Rfe8 18. Nf3 Kf7 19. b3 Bb4 20. Bd2 Bxd2 21. Nxd2 Rad8 22. c3 Nd5 23. Ne4 h6 24. Rad1 Nf4 25. Ng3 b6 26. Re4 Nd5 27. Rd3 c5 28. dxc5 bxc5 29. Ra4 Ra8 30. Ne4 Ke7 31. Nxc5 Rec8 32. b4 Rc6 33. c4 Nb6 34. Ra6 Rc7 35. f4 Kf7 36. Rg3 Re8 37. Rc3 Rd8 38. a4 Rd4 39. Nxe6 Rdxc4 40. Rxc4 Rxc4 41. f5 Nc8 42. b5 Ke7 43. Kg2 Kd7 44. Kg3 Rc3+ 45. Kf4 Rh3 46. Nxg7 Rxh2 47. Rxf6 Rh4+ 48. Ke5 Rxa4 49. Rf7+ Kd8 50. Ne6+ Ke8 51. Rh7 Nb6 52. f6 Nd7+ 53. Kf5 1-0

[Event "Titled Tuesday intern op 7th Mar Late"]
[Site "Chess.com INT"]
[Date "2023.03.07"]
[Round "10"]
[White "Grover, Sahaj"]
[Black "Guzman, Christopher"]
[Result "1-0"]
[WhiteElo "2509"]
[BlackElo "2250"]
[PlyCount "61"]
[EventDate "2023.03.07"]
[EventType "swiss (blitz)"]
[EventRounds "11"]
[EventCountry "USA"]
[SourceTitle "EXT 2024"]
[Source "ChessBase"]
[SourceDate "2023.10.10"]
[SourceVersion "1"]
[SourceVersionDate "2023.10.10"]
[SourceQuality "1"]

1. c4 Nf6 2. Nc3 e6 3. Nf3 d5 4. e3 Be7 5. b3 0-0 6. Bb2 b6 7. Qc2 Bb7 8. cxd5 Nxd5 9. Nxd5 exd5 10. Bd3 h6 11. b4 Nd7 12. b5 Rc8 13. Bh7+ Kh8 14. Bf5 c5 15. Ne5 Nxe5 16. Bxc8 Qxc8 17. Bxe5 Qe6 18. d4 cxd4 19. Bxd4 Bb4+ 20. Kf1 Rc8 21. Qb2 Bf8 22. f3 Qg6 23. Rc1 Rxc1+ 24. Qxc1 Qd3+ 25. Kf2 Qxb5 26. Qc7 Bc6 27. Qxf7 Qb4 28. Rb1 Qd2+ 29. Kg3 Bd6+ 30. f4 Bxf4+ 31. Qxf4 1-0

[Event "Titled Tuesday intern op 21st Feb Late"]
[Site "Chess.com INT"]
[Date "2023.02.21"]
[Round "5"]
[White "Guzman, Christopher"]
[Black "De Boer, Eelke"]
[Result "1-0"]
[WhiteElo "2250"]
[BlackElo "2293"]
[PlyCount "37"]
[EventDate "2023.02.21"]
[EventType "swiss (blitz)"]
[EventRounds "11"]
[EventCountry "USA"]
[SourceTitle "CBM 212 Extra"]
[Source "ChessBase"]
[SourceDate "2023.03.31"]
[SourceVersion "1"]
[SourceVersionDate "2023.03.31"]
[SourceQuality "1"]

1. e4 e6 2. d3 d5 3. Nd2 c5 4. Ngf3 Nc6 5. g3 Nf6 6. Bg2 Be7 7. 0-0 0-0 8. Re1 b5 9. a4 b4 10. h3 a5 11. Kh2 Ba6 12. b3 Re8 13. e5 Nd7 14. Bb2 c4 15. dxc4 dxc4 16. Nxc4 Bxc4 17. bxc4 Rc8 18. Nd2 Nc5 19. Nb3 1-0

[Event "Titled Tuesday intern op 21st Feb Late"]
[Site "Chess.com INT"]
[Date "2023.02.21"]
[Round "2"]
[White "Guzman, Christopher"]
[Black "Ibarra Jerez, Jose Carlos"]
[Result "0-1"]
[WhiteElo "2250"]
[BlackElo "2563"]
[PlyCount "67"]
[EventDate "2023.02.21"]
[EventType "swiss (blitz)"]
[EventRounds "11"]
[EventCountry "USA"]
[SourceTitle "CBM 212 Extra"]
[Source "ChessBase"]
[SourceDate "2023.03.31"]
[SourceVersion "1"]
[SourceVersionDate "2023.03.31"]
[SourceQuality "1"]

1. e4 c5 2. Nf3 Nc6 3. d4 cxd4 4. Nxd4 Nf6 5. Nc3 e6 6. a3 Be7 7. Ndb5 d6 8. g3 0-0 9. Bg2 a6 10. Nd4 Qc7 11. 0-0 Bd7 12. h3 Rac8 13. Re1 b5 14. Kh2 Nxd4 15. Qxd4 Bc6 16. Bg5 h6 17. Be3 Qb7 18. f3 e5 19. Qb6 Qa8 20. Rad1 d5 21. exd5 Nxd5 22. Qa7 Nxc3 23. bxc3 Bxa3 24. Ra1 Qxa7 25. Bxa7 Bb2 26. Rxa6 Bxc3 27. Re3 b4 28. Bc5 Rfd8 29. Bf1 Rd2+ 30. Re2 Bxf3 31. Rxd2 Bxd2 32. Bd6 Rxc2 33. Bd3 Rc1 34. g4 0-1

[Event "Titled Tuesday intern op 21st Feb Late"]
[Site "Chess.com INT"]
[Date "2023.02.21"]
[Round "10"]
[White "Stoyanov, Tsvetan"]
[Black "Guzman, Christopher"]
[Result "0-1"]
[WhiteElo "2446"]
[BlackElo "2250"]
[PlyCount "120"]
[EventDate "2023.02.21"]
[EventType "swiss (blitz)"]
[EventRounds "11"]
[EventCountry "USA"]
[SourceTitle "CBM 212 Extra"]
[Source "ChessBase"]
[SourceDate "2023.03.31"]
[SourceVersion "1"]
[SourceVersionDate "2023.03.31"]
[SourceQuality "1"]

1. e4 c6 2. c4 d5 3. cxd5 cxd5 4. exd5 Qxd5 5. Nc3 Qd8 6. Bc4 Nf6 7. Nf3 e6 8. d4 Be7 9. 0-0 0-0 10. Re1 Nc6 11. a3 Nd5 12. Nxd5 exd5 13. Bd3 Bf6 14. h3 Be6 15. Bc2 Rc8 16. Qd3 g6 17. Qd1 Re8 18. Be3 Qb6 19. b4 a5 20. Rb1 axb4 21. axb4 Na7 22. Ba4 Red8 23. Qd2 Nb5 24. Bxb5 Qxb5 25. Bg5 Bxg5 26. Qxg5 Qd3 27. Qh6 Rc6 28. Ng5 Qf5 29. Qxh7+ Kf8 30. Qh4 Re8 31. Ra1 Kg7 32. Qh7+ Kf8 33. Re5 Qf6 34. Rae1 Rc2 35. Qh6+ Kg8 36. Qh7+ Kf8 37. Qh4 Kg7 38. R5e3 Rh8 39. Nxe6+ fxe6 40. Qxf6+ Kxf6 41. Rxe6+ Kf7 42. Re7+ Kf6 43. Rxb7 Ra8 44. Rb6+ Kf7 45. Rd6 Raa2 46. Rxd5 Rab2 47. b5 Rd2 48. Rd7+ Kf6 49. Rd6+ Kg7 50. b6 Rxf2 51. Re7+ Kf8 52. Ree6 Rxg2+ 53. Kf1 Rbf2+ 54. Ke1 Rb2 55. Rf6+ Kg7 56. Kf1 Rh2 57. Kg1 Rhc2 58. Rxg6+ Kf7 59. Rgf6+ Kg7 60. Kh1 Rc1+ 0-1

[Event "Titled Tuesday intern op 31st Jan Late"]
[Site "Chess.com INT"]
[Date "2023.01.31"]
[Round "3"]
[White "Lymar, Vladislav"]
[Black "Guzman, Christopher"]
[Result "1-0"]
[WhiteElo "2066"]
[BlackElo "2250"]
[PlyCount "69"]
[EventDate "2023.01.31"]
[EventType "swiss (blitz)"]
[EventRounds "11"]
[EventCountry "USA"]
[SourceTitle "CBM 212 Extra"]
[Source "ChessBase"]
[SourceDate "2023.03.31"]
[SourceVersion "1"]
[SourceVersionDate "2023.03.31"]
[SourceQuality "1"]

1. e4 c6 2. d4 d5 3. e5 Bf5 4. h4 h5 5. Bd3 Bxd3 6. Qxd3 Qa5+ 7. Nd2 e6 8. Ngf3 Nh6 9. 0-0 Nf5 10. c4 Qa6 11. b3 Nd7 12. a4 Be7 13. Rd1 Nxh4 14. Nxh4 Bxh4 15. Nf3 Be7 16. Bg5 Nb6 17. Bxe7 Kxe7 18. a5 Nd7 19. Ng5 Raf8 20. Qc3 b6 21. Qb4+ c5 22. Qc3 dxc4 23. bxc4 Rc8 24. axb6 Qxb6 25. d5 Qb4 26. Qf3 Nxe5 27. Rxa7+ Ke8 28. Qf4 Qb8 29. Rxf7 Nd7 30. Re7+ Kxe7 31. Qf7+ Kd6 32. dxe6+ Kc6 33. Qxd7+ Kb6 34. Rb1+ Ka6 35. Qa4# 1-0

[Event "Titled Tuesday intern op 24th Jan Late"]
[Site "Chess.com INT"]
[Date "2023.01.24"]
[Round "3"]
[White "Predke, Alexandr"]
[Black "Guzman, Christopher"]
[Result "1-0"]
[WhiteElo "2684"]
[BlackElo "2250"]
[PlyCount "75"]
[EventDate "2023.01.24"]
[EventType "swiss (blitz)"]
[EventRounds "11"]
[EventCountry "USA"]
[SourceTitle "EXT 2024"]
[Source "ChessBase"]
[SourceDate "2023.10.10"]
[SourceVersion "1"]
[SourceVersionDate "2023.10.10"]
[SourceQuality "1"]

1. e4 c6 2. d3 d5 3. Qe2 g6 4. Nf3 Bg7 5. g3 Bg4 6. Bg2 e6 7. 0-0 Ne7 8. Nbd2 Nd7 9. h3 Bxf3 10. Nxf3 0-0 11. e5 c5 12. c3 b5 13. d4 cxd4 14. cxd4 Qb6 15. h4 Rac8 16. h5 a5 17. h6 Bh8 18. Bh3 a4 19. Bg5 Nc6 20. Rad1 Na5 21. Rd3 b4 22. Nh2 Rc7 23. Ng4 b3 24. axb3 axb3 25. Qf3 Rc4 26. Rfd1 Rfc8 27. Bf6 Nxf6 28. Nxf6+ Bxf6 29. Qxf6 Kf8 30. Bxe6 Qxe6 31. Qg7+ Ke7 32. Rf3 Rf8 33. Re1 Rxd4 34. Rf6 Qg4 35. Ra6 Rd1 36. Qf6+ Ke8 37. Ra8+ Kd7 38. Qd6# 1-0

[Event "Titled Tuesday intern op 24th Jan Late"]
[Site "Chess.com INT"]
[Date "2023.01.24"]
[Round "1"]
[White "Sarana, Alexey"]
[Black "Guzman, Christopher"]
[Result "1-0"]
[WhiteElo "2668"]
[BlackElo "2250"]
[PlyCount "133"]
[EventDate "2023.01.24"]
[EventType "swiss (blitz)"]
[EventRounds "11"]
[EventCountry "USA"]
[SourceTitle "EXT 2024"]
[Source "ChessBase"]
[SourceDate "2023.10.10"]
[SourceVersion "1"]
[SourceVersionDate "2023.10.10"]
[SourceQuality "1"]

1. c4 Nf6 2. Nc3 e6 3. e4 d5 4. e5 d4 5. exf6 dxc3 6. bxc3 Qxf6 7. Bd3 Bd7 8. Nf3 Bc6 9. 0-0 Bxf3 10. Qxf3 Qxf3 11. gxf3 Nd7 12. Be4 0-0-0 13. d4 Nf6 14. Bc2 Bd6 15. Be3 c6 16. a4 Rhe8 17. a5 a6 18. h4 Nh5 19. Rfb1 Bf4 20. Rb3 g6 21. Rab1 Re7 22. Bd3 Rc7 23. c5 Re7 24. Kg2 Red7 25. Bc4 Re7 26. Kf1 Rc7 27. Ke2 Re7 28. Rb4 Rc7 29. Kd3 Re7 30. Kc2 Rc7 31. Rb6 Re8 32. Bd3 Ree7 33. Be4 Red7 34. R1b4 Re7 35. Rb3 Red7 36. Rb1 Re7 37. Bd3 Red7 38. Bxa6 Bxe3 39. fxe3 Nf6 40. Bc4 Kd8 41. a6 bxa6 42. Rxa6 Nd5 43. Bxd5 exd5 44. Rbb6 Re7 45. Kd3 Re6 46. Ra8+ Ke7 47. e4 dxe4+ 48. fxe4 Rf6 49. e5 Rf4 50. Rbb8 Ke6 51. Re8+ Re7 52. Rec8 Rf3+ 53. Kc4 Kd7 54. Rd8+ Kc7 55. Rd6 Kb7 56. Ra4 Rc7 57. Rb4+ Kc8 58. Rb6 Rh3 59. Rbxc6 Rxh4 60. Rxc7+ Kxc7 61. Rf6 g5 62. Rxf7+ Kd8 63. c6 g4 64. Rg7 h5 65. Kd5 Rh3 66. c4 Rc3 67. c5 1-0

[Event "Titled Tuesday intern op 17th Jan Early"]
[Site "Chess.com INT"]
[Date "2023.01.17"]
[Round "3"]
[White "Gutkin, Ilya"]
[Black "Guzman, Christopher"]
[Result "0-1"]
[WhiteElo "2245"]
[BlackElo "2250"]
[PlyCount "130"]
[EventDate "2023.01.17"]
[EventType "swiss (blitz)"]
[EventRounds "11"]
[EventCountry "USA"]
[SourceTitle "CBM 212 Extra"]
[Source "ChessBase"]
[SourceDate "2023.03.31"]
[SourceVersion "1"]
[SourceVersionDate "2023.03.31"]
[SourceQuality "1"]

1. e4 c6 2. d4 d5 3. Nc3 dxe4 4. Nxe4 Nf6 5. Nxf6+ exf6 6. Nf3 Bd6 7. Bd3 0-0 8. Be3 Na6 9. Qd2 Nb4 10. Be2 Nd5 11. 0-0 Re8 12. Bd3 b5 13. Rfe1 a5 14. a4 b4 15. c4 bxc3 16. bxc3 Rb8 17. Rab1 Bg4 18. Be2 Bf5 19. Bd3 Bg4 20. Be2 Qc7 21. h3 Nxe3 22. fxe3 Be6 23. Bd3 Bg3 24. Rxb8 Rxb8 25. Rb1 Rd8 26. Qb2 Bd5 27. e4 Be6 28. Qb6 g5 29. Qxc7 Bxc7 30. Kf2 Bf4 31. g3 Bc7 32. h4 h6 33. Rb7 Rd7 34. Rb2 Kg7 35. Rb1 Bd6 36. Rb2 Rc7 37. hxg5 hxg5 38. Rb1 Bd7 39. Rb2 c5 40. Bb5 cxd4 41. cxd4 Bb4 42. Bxd7 Rxd7 43. Ke3 Rc7 44. Rb3 Rc2 45. g4 Ra2 46. e5 Rxa4 47. Ke4 fxe5 48. Kxe5 Be7 49. Kf5 f6 50. Ke6 Bf8 51. Rb7+ Kg6 52. Rb8 Bg7 53. Rg8 Ra3 54. Nd2 Re3+ 55. Kd5 Rd3 56. Nc4 f5 57. gxf5+ Kh7 58. Nxa5 Rxd4+ 59. Kc5 Kxg8 60. Nc4 Rf4 61. Nd6 Bf8 62. Kd5 Bxd6 63. Kxd6 Rxf5 64. Ke6 Rf7 65. Ke5 g4 0-1

[Event "Titled Tuesday intern op 10th Jan Early"]
[Site "Chess.com INT"]
[Date "2023.01.10"]
[Round "2"]
[White "Kamsky, Gata"]
[Black "Guzman, Christopher"]
[Result "1-0"]
[WhiteElo "2666"]
[BlackElo "2250"]
[PlyCount "61"]
[EventDate "2023.01.10"]
[EventType "swiss (blitz)"]
[EventRounds "11"]
[EventCountry "USA"]
[SourceTitle "EXT 2024"]
[Source "ChessBase"]
[SourceDate "2023.10.10"]
[SourceVersion "1"]
[SourceVersionDate "2023.10.10"]
[SourceQuality "1"]

1. e4 c6 2. d4 d5 3. exd5 cxd5 4. Bd3 Nf6 5. c3 Nc6 6. Bf4 Bg4 7. Qb3 Na5 8. Qa4+ Bd7 9. Qc2 Qb6 10. Nf3 Rc8 11. 0-0 Bb5 12. Bxb5+ Qxb5 13. Na3 Qb6 14. Qa4+ Nc6 15. Qb3 Qxb3 16. axb3 a6 17. b4 e6 18. b5 axb5 19. Nxb5 Be7 20. Na7 Rd8 21. Bc7 Rd7 22. Nxc6 bxc6 23. Ra8+ Bd8 24. Bb6 Ke7 25. Bc5+ Ke8 26. Ne5 Rb7 27. Nxc6 Kd7 28. Ne5+ Ke8 29. Bb4 Rb5 30. Rfa1 Nd7 31. Nc6 1-0

[Event "Titled Tuesday intern op 20th Dec Early"]
[Site "Chess.com INT"]
[Date "2022.12.20"]
[Round "1"]
[White "Guzman, Christopher"]
[Black "Bommini, Mounika Akshaya"]
[Result "1-0"]
[WhiteElo "2250"]
[BlackElo "2135"]
[PlyCount "105"]
[EventDate "2022.12.20"]
[EventType "swiss (blitz)"]
[EventRounds "11"]
[EventCountry "USA"]
[SourceTitle "EXT 2024"]
[Source "ChessBase"]
[SourceDate "2023.10.10"]
[SourceVersion "1"]
[SourceVersionDate "2023.10.10"]
[SourceQuality "1"]

1. e4 e5 2. Nf3 Nc6 3. Bb5 a6 4. Ba4 Nf6 5. 0-0 b5 6. Bb3 d6 7. a4 Bb7 8. Ng5 d5 9. exd5 Nd4 10. d3 Nxb3 11. cxb3 Qxd5 12. Ne4 Nxe4 13. dxe4 Qxe4 14. f3 Bc5+ 15. Kh1 Qf5 16. axb5 0-0 17. Nc3 axb5 18. Rxa8 Rxa8 19. Nxb5 Bb6 20. Nc3 h6 21. Re1 Bd4 22. Be3 Rd8 23. Bxd4 Rxd4 24. Qe2 f6 25. Kg1 Qd7 26. Rd1 c5 27. Rxd4 Qxd4+ 28. Kf1 Kf8 29. Qc4 Qd6 30. Kf2 Qd2+ 31. Qe2 Qd4+ 32. Qe3 Ke7 33. Ne2 Qd5 34. Qc3 Ba6 35. Ke1 Bxe2 36. Kxe2 Kd6 37. h4 Qd4 38. g3 Qxc3 39. bxc3 Kd5 40. Kd3 f5 41. g4 g6 42. h5 gxh5 43. gxh5 f4 44. Ke2 e4 45. fxe4+ Kxe4 46. b4 cxb4 47. cxb4 Kd4 48. Kf3 Kc4 49. Kxf4 Kxb4 50. Kf5 Kc5 51. Kg6 Kd6 52. Kxh6 Ke6 53. Kg7 1-0

[Event "Titled Tuesday intern op 29th Nov Early"]
[Site "Chess.com INT"]
[Date "2022.11.29"]
[Round "2"]
[White "Ibarra Jerez, Jose Carlos"]
[Black "Guzman, Christopher"]
[Result "1-0"]
[WhiteElo "2557"]
[BlackElo "2250"]
[PlyCount "65"]
[EventDate "2022.11.29"]
[EventType "swiss (blitz)"]
[EventRounds "11"]
[EventCountry "USA"]
[SourceTitle "EXT 2024"]
[Source "ChessBase"]
[SourceDate "2023.10.10"]
[SourceVersion "1"]
[SourceVersionDate "2023.10.10"]
[SourceQuality "1"]

1. e4 c6 2. Nf3 d5 3. d3 dxe4 4. dxe4 Qxd1+ 5. Kxd1 g6 6. Ne5 Be6 7. Be3 Bg7 8. Nd3 Nf6 9. f3 Nbd7 10. c3 0-0 11. Nf4 Ne5 12. Nxe6 fxe6 13. Kc2 Rfd8 14. Nd2 Rd7 15. Nb3 Kf7 16. a4 b6 17. a5 Rb8 18. Be2 h5 19. h3 c5 20. Bb5 Rc7 21. Bf4 Ne8 22. axb6 axb6 23. Bxe8+ Kxe8 24. Nd2 b5 25. Ra6 Kf7 26. Rha1 Rbb7 27. Ra8 c4 28. Rd8 Rd7 29. Rxd7 Nxd7 30. Ra5 Nc5 31. Nxc4 Nxe4 32. fxe4 bxc4 33. Rc5 1-0

[Event "Titled Tuesday intern op 22nd Nov Late"]
[Site "Chess.com INT"]
[Date "2022.11.22"]
[Round "7"]
[White "Guzman, Christopher"]
[Black "Aguilar, Juan"]
[Result "1-0"]
[WhiteElo "2250"]
[BlackElo "2254"]
[PlyCount "105"]
[EventDate "2022.11.22"]
[EventType "swiss (blitz)"]
[EventRounds "11"]
[EventCountry "USA"]
[SourceTitle "CBM 211 Extra"]
[Source "ChessBase"]
[SourceDate "2023.01.31"]
[SourceVersion "1"]
[SourceVersionDate "2023.01.31"]
[SourceQuality "1"]

1. e4 c5 2. Nf3 d6 3. d4 cxd4 4. Nxd4 Nf6 5. Nc3 a6 6. h4 e5 7. Nb3 Be6 8. f4 exf4 9. Bxf4 Nc6 10. Qd2 Nh5 11. Bg5 Be7 12. 0-0-0 Ng3 13. Rg1 0-0 14. Kb1 a5 15. Bb5 a4 16. Bxa4 Nxe4 17. Nxe4 Rxa4 18. Nxd6 Qa8 19. a3 f6 20. Bf4 Bxd6 21. Qxd6 Bg4 22. Rdf1 Rd8 23. Qc5 Be6 24. Bc1 Rc4 25. Qb6 Bf7 26. g4 Bg6 27. Rf2 Ne5 28. h5 Rc6 29. Qb4 Bf7 30. g5 Qa7 31. Rff1 Rc4 32. Qe1 Qb6 33. gxf6 Rg4 34. Rxg4 Nxg4 35. fxg7 Qe6 36. Qxe6 Bxe6 37. h6 Nxh6 38. Bxh6 Bf7 39. Nc5 Rd6 40. Rh1 Bd5 41. Rh4 Rf6 42. b4 b5 43. Kb2 Bf3 44. Nd3 Be2 45. Nf4 Bc4 46. Nd3 Re6 47. Nc5 Rd6 48. a4 bxa4 49. Nxa4 Bf7 50. Nc5 Bg6 51. Kc3 Rf6 52. Rf4 Rd6 53. Rf8# 1-0

[Event "Titled Tuesday intern op 22nd Nov Late"]
[Site "Chess.com INT"]
[Date "2022.11.22"]
[Round "9"]
[White "Guzman, Christopher"]
[Black "Hardaway, Brewington"]
[Result "0-1"]
[WhiteElo "2250"]
[BlackElo "2259"]
[PlyCount "86"]
[EventDate "2022.11.22"]
[EventType "swiss (blitz)"]
[EventRounds "11"]
[EventCountry "USA"]
[SourceTitle "CBM 211 Extra"]
[Source "ChessBase"]
[SourceDate "2023.01.31"]
[SourceVersion "1"]
[SourceVersionDate "2023.01.31"]
[SourceQuality "1"]

1. f4 e6 2. e4 d5 3. e5 c5 4. Nf3 Nc6 5. c4 d4 6. d3 Nge7 7. Nbd2 Nf5 8. Ne4 h5 9. g3 g6 10. Bh3 Be7 11. 0-0 b6 12. a3 Bb7 13. Qe2 a5 14. Bd2 a4 15. Rae1 Na5 16. Bg2 Nb3 17. Nfg5 Nxd2 18. Qxd2 Rb8 19. Rf2 Ne3 20. Bf3 h4 21. g4 Bxg5 22. Nxg5 Bxf3 23. Rxf3 Nxg4 24. Qd1 Qd7 25. Ne4 Ke7 26. Nd6 Ne3 27. Rfxe3 dxe3 28. Rxe3 f5 29. Re2 Rbg8 30. Rg2 Qc6 31. h3 Rh7 32. Kh2 Rhg7 33. Rg5 Rd8 34. Qe2 Rgg8 35. Rg1 Rxd6 36. exd6+ Qxd6 37. Qf2 g5 38. Kh1 Qxd3 39. Qg2 g4 40. hxg4 Rxg4 41. Qb7+ Kf6 42. Rxg4 Qf1+ 43. Kh2 fxg4 0-1

[Event "Titled Tuesday intern op 22nd Nov Late"]
[Site "Chess.com INT"]
[Date "2022.11.22"]
[Round "8"]
[White "Toniutti, Ezio"]
[Black "Guzman, Christopher"]
[Result "0-1"]
[WhiteElo "2238"]
[BlackElo "2250"]
[PlyCount "76"]
[EventDate "2022.11.22"]
[EventType "swiss (blitz)"]
[EventRounds "11"]
[EventCountry "USA"]
[SourceTitle "CBM 211 Extra"]
[Source "ChessBase"]
[SourceDate "2023.01.31"]
[SourceVersion "1"]
[SourceVersionDate "2023.01.31"]
[SourceQuality "1"]

1. d4 Nf6 2. c4 e6 3. g3 Bb4+ 4. Bd2 Be7 5. Nf3 b6 6. Bg2 Bb7 7. 0-0 0-0 8. Nc3 d5 9. Rc1 Nbd7 10. Bf4 dxc4 11. Qa4 c5 12. dxc5 Nxc5 13. Qxc4 Ba6 14. Nb5 Qe8 15. Nfd4 Rc8 16. a4 Nfd7 17. Be3 Ne5 18. Qa2 Qd7 19. Rfd1 Rfd8 20. b3 Ng4 21. Qb1 Nxe3 22. fxe3 Bxb5 23. axb5 Qc7 24. Nc6 Rxd1+ 25. Rxd1 Bf6 26. b4 Nd7 27. Qa2 Ne5 28. Qxa7 Qxa7 29. Nxa7 Rc4 30. Nc6 g6 31. Bf3 Kg7 32. Kg2 h5 33. Rd2 Rc3 34. Ra2 Rxe3 35. Ra6 Nc4 36. Ra7 Rb3 37. Rb7 h4 38. gxh4 Bxh4 0-1

[Event "Titled Tuesday intern op 15th Nov Late"]
[Site "Chess.com INT"]
[Date "2022.11.15"]
[Round "6"]
[White "Li, Xueyi"]
[Black "Guzman, Christopher"]
[Result "1-0"]
[WhiteElo "2297"]
[BlackElo "2250"]
[PlyCount "53"]
[EventDate "2022.11.15"]
[EventType "swiss (blitz)"]
[EventRounds "11"]
[EventCountry "USA"]
[SourceTitle "CBM 211 Extra"]
[Source "ChessBase"]
[SourceDate "2023.01.31"]
[SourceVersion "1"]
[SourceVersionDate "2023.01.31"]
[SourceQuality "1"]

1. d4 Nf6 2. c4 e6 3. g3 Bb4+ 4. Bd2 Bxd2+ 5. Nxd2 0-0 6. Bg2 d5 7. Ngf3 b6 8. 0-0 Bb7 9. cxd5 Nxd5 10. e4 Nf6 11. Qc2 Nbd7 12. h4 c5 13. e5 Nd5 14. Ng5 g6 15. Ndf3 cxd4 16. Rfd1 Rc8 17. Qd2 Qc7 18. Qxd4 Rfd8 19. h5 h6 20. hxg6 hxg5 21. gxf7+ Kxf7 22. Nxg5+ Ke7 23. Nxe6 Kxe6 24. Bxd5+ Bxd5 25. Qxd5+ Ke7 26. Qd4 Qxe5 27. Re1 1-0